| 000 | 01473nam a2200313 i 4500 | ||
|---|---|---|---|
| 001 | 000042946 | ||
| 003 | DO-SdBNP | ||
| 005 | 20250320132603.0 | ||
| 007 | ta | ||
| 008 | 140213s2011 dr 000 j spa d | ||
| 020 | _a9789945475067 | ||
| 040 |
_aDO-SdBNP _bspa _cBNPHU _erda |
||
| 041 | _aspa | ||
| 082 | 4 |
_aRD863.5 _bV335v _222 |
|
| 100 | 1 |
_aVásquez Germán, Ariadna _972661 |
|
| 245 | 0 | 0 |
_aVulnerable en voz alta y otros cuentos premiados : _bPremio Nacional Joven Feria del Libro 2010 / _cAriadna Vásquez Germán. |
| 264 | 4 |
_aSanto Domingo, República Dominicana : _bDirección General de la Feria del Libro ; _bEdiciones Ferilibro, _c©2011. |
|
| 300 |
_a81 páginas ; _c23 cm. |
||
| 336 |
_ardacontent _btexto _2txt |
||
| 337 |
_ardamedia _bsin mediación _2n |
||
| 338 |
_ardacarrier _bvolumen _2nc |
||
| 505 |
_tMenciones de Honor : -- _tEl hombre de mis sueños / _r Tavera, Joan Elaine -- _tIda y vuelta / _rLilian Tejeda -- _tJuan de los palotes / _rAcevedo Figuereo, Antonio Miguel -- _tJuguetes en el ático / _r Espinal, Rolando Gregorio -- _tLas dos caras / _rWindt Sánchez, Marcelo Armardo de -- _tPropiedad privada -- _rDevers, Adriana -- _tSangre en el tambor / _rPión, Ruth Carolina -- |
||
| 586 | _aPremio nacional de cuentos joven feria del libro 2010 | ||
| 590 | _aInventariado, 2020/YL | ||
| 650 | 7 |
_aCuentos dominicanos _9176 _2LEMB |
|
| 650 | 7 |
_aLiteratura dominicana. _967 _2LEMB |
|
| 910 | _aValidado. Control de calidad MFF | ||
| 942 |
_2ddc _cLBS1 |
||
| 999 |
_c42435 _d42435 |
||